00743nam a2200157Ia 4500008004100000100002800041245009700069245017200166260005300338260001800391300000800409650001500417856006100432999001900493952007300512170221s9999 xx 000 0 und d aAleksander S. Drovnikov aTeachers Professional Competence Assessment Technology in Qualification Improvement Process  cAleksander S. Drovnikov, Evgeni L. Nikolaev, Anton S. Afanasev, Vladimir N. Ivanov, Tatyana N. Petrova, Galina G. Tenyukova, Natalia L. Maksimova, Faina V. Povshednaya bInternational Review of Management and Marketing cDecember 2012 a4:2 xMarketing. uhttp://www.econjournals.com/index.php/irmm/issue/view/64 c310405d310405 001040aCLbCLd2017-02-21l0r2017-02-21 00:00:00w2017-02-21yFOJ